Pokémon fusionnés avec Kyogre - Statistiques

Statistiques générales
  • Ce quiz a été pris 126 fois
  • Le résultat moyen est 12 sur 16
Statistiques - réponses
Par images Réponse % Correct
Staross
91%
Poussifeu
90%
Électhor
88%
Phanpy
84%
Regice
82%
Volcaropod
79%
Spinda
78%
Cliticlic
77%
Matoufeu
75%
Brouhabam
73%
Guériaigle
73%
Grotichon
71%
Salarsen
63%
Bekaglaçon
59%
Mistigrix
57%
Flabébé
34%
Aucun quiz correspondant
Distribution des résultats
% des personnes avec chaque résultat
Percentile par nombre de réponses
Votre historique - résultats
Vous n’avez pas pris ce quiz